书目信息 |
| 题名: |
基础工程施工
|
|
| 作者: | 丁宪良 主编 | |
| 分册: | ||
| 出版信息: | 南京 东南大学出版社 2005.12 |
|
| 页数: | 149页 | |
| 开本: | 26cm | |
| 丛书名: | 高等职业教育建筑工程技术专业(技能型)系列教材 | |
| 单 册: | ||
| 中图分类: | TU38 , TU753 | |
| 科图分类: | ||
| 主题词: | 地基--di ji--基础(工程)--高等学校:技术学校--教材 , 建筑工程--各种 | |
| 电子资源: | ||
| ISBN: | 7-5641-0181-4 | |
| 000 | 01034nam 2200277 450 | |
| 001 | 012006905862 | |
| 005 | 20060601163218.75 | |
| 010 | @a7-5641-0181-4@dCNY 18.00 | |
| 100 | @a20060411d2005 km y0chiy0120 ea | |
| 101 | 0 | @achi |
| 102 | @aCN@b320000 | |
| 105 | @ay a 000yy | |
| 200 | 1 | @a基础工程施工@Aji chu gong cheng shi gong@f丁宪良主编@Fding xian liang zhu bian |
| 210 | @a南京@c东南大学出版社@d2005.12 | |
| 215 | @a149页@d26cm | |
| 225 | 2 | @a高等职业教育建筑工程技术专业(技能型)系列教材@Agao deng zhi ye jiao yu jian zhu gong cheng ji shu zhuan ye(ji neng xing)xi lie jiao cai |
| 320 | @a有书目。 | |
| 330 | @a本书内容包括:结论、基础的类型和构造、基础施工图识读、基础垫层施工、基础工程的季节性施工等。 | |
| 410 | 0 | @12001 @a高等职业教育建筑工程技术专业(技能型)系列教材 |
| 606 | 0 | @a地基@Adi ji@x基础(工程)@x高等学校:技术学校@j教材 |
| 606 | 0 | @a建筑工程@x各种 |
| 690 | @aTU38@v4 | |
| 690 | @aTU753@v3 | |
| 701 | 0 | @a丁宪良@Ading xian liang@4主编 |
| 801 | 0 | @aCN@bQSSK@c20060601 |
| 905 | @a10447@dTU753@eD583 | |
| 基础工程施工/丁宪良主编.-南京:东南大学出版社,2005.12 |
| 149页;26cm.-(高等职业教育建筑工程技术专业(技能型)系列教材) |
| ISBN 7-5641-0181-4:CNY 18.00 |
| 本书内容包括:结论、基础的类型和构造、基础施工图识读、基础垫层施工、基础工程的季节性施工等。 |
| ● |
| 相关链接 |
|
|
|
正题名:基础工程施工
索取号:TU753/D583
 
预约/预借
| 序号 | 登录号 | 条形码 | 馆藏地/架位号 | 状态 | 备注 |
| 1 | 557508 | 205575082 | 建筑库201/201建筑库 41排6列2层/ [索取号:TU753/D583] | 在馆 | |
| 2 | 557509 | 205575091 | 建筑库201/201建筑库 41排6列2层/ [索取号:TU753/D583] | 在馆 | |
| 3 | 557510 | 205575108 | 建筑库201/201建筑库 41排6列2层/ [索取号:TU753/D583] | 在馆 |